000 00341nam a2200133Ia 4500
100 _aJohnson/ R.D./ Siskin/ B.R.
942 _cBK
654 _aBusiness decisions
245 _aQuantitative techniques for business decisions
260 _bPrentice Hall of India
_aNew Delhi
_c1977
082 _a658.403
300 _a485
546 _aENGLISH
999 _c35011
_d35011